|
|
|
|
| LEADER |
02501nam a2200361 i 4500 |
| 001 |
10050380 |
| 003 |
GR-PaULI |
| 005 |
20250320091608.0 |
| 008 |
040527s2011 gr ef g gre d |
| 952 |
|
|
|0 0
|1 0
|2 ddc
|4 0
|6 155_250000000000000_ΚΑΛ
|7 0
|9 241743
|a LISP
|b LISP
|c BSC
|d 2020-07-06
|i 147673
|l 0
|o 155.25 ΚΑΛ
|p 025000274502
|r 2020-07-06 00:00:00
|t 1
|v 2020.00
|w 2020-07-06
|y BK15
|
| 952 |
|
|
|0 0
|1 0
|2 ddc
|4 0
|6 155_250000000000000_ΚΑΛ
|7 0
|9 241744
|a LISP
|b LISP
|c BSC
|d 2020-07-06
|i 147672
|l 0
|o 155.25 ΚΑΛ
|p 025000274503
|r 2020-07-06 00:00:00
|t 2
|v 2020.00
|w 2020-07-06
|y BK15
|
| 952 |
|
|
|0 0
|1 0
|2 ddc
|4 0
|6 155_250000000000000_ΚΑΛ
|7 0
|9 330302
|a LISP
|b LISP
|c BSC
|d 2021-11-09
|i 253599
|l 0
|o 155.25 ΚΑΛ
|p 025000287816
|r 2021-11-09 00:00:00
|t 3
|w 2021-11-09
|y BK15
|
| 952 |
|
|
|0 0
|1 0
|2 ddc
|4 0
|6 155_250000000000000_ΚΑΛ
|7 0
|9 354484
|a LISP
|b LISP
|c BSC
|d 2022-01-17
|i 254048
|l 0
|o 155.25 ΚΑΛ
|p 025000289039
|r 2022-01-17 00:00:00
|t 4
|w 2022-01-17
|y BK15
|
| 952 |
|
|
|0 0
|1 0
|2 ddc
|4 0
|6 155_250000000000000
|7 0
|9 368851
|a LISK
|b LISK
|c BSC
|d 2023-02-15
|i 70462
|l 0
|o 155.25
|p 992410070462
|r 2023-02-15 00:00:00
|t 5
|w 2023-02-15
|y BK15
|
| 999 |
|
|
|c 145856
|d 145856
|
| 020 |
|
|
|a 9789609405966
|
| 040 |
|
|
|a GR-PaULI
|b gre
|c GR-PaULI
|e AACR2
|
| 082 |
0 |
4 |
|a 155.25
|2 23
|
| 100 |
1 |
|
|a Καλαντζή-Αζίζι, Αναστασία
|e συγγραφέας.
|9 12168
|
| 245 |
1 |
0 |
|a Αυτογνωσία και αυτοδιαχείριση :
|b γνωσιακή - συμπεριφοριστική προσέγγιση /
|c Αναστασία Καλαντζή-Αζίζι ; συνεργάτες Κατερίνα Αγγελή, Γιώργος Ευσταθίου.
|
| 260 |
|
|
|a Αθήνα :
|b Πεδίο,
|c 2011.
|
| 300 |
|
|
|a 460., [3] σ. :
|b εικ. ;
|c 23 εκ.
|
| 490 |
1 |
|
|a Κλινική ψυχολογια - ψυχοθεραπεία / Πεδίο
|
| 500 |
|
|
|a Ένα μοντέλο κλινικής πρακτικής και εκπαίδευσης ειδικών ψυχικής υγείας και εκπαιδευτικών.
|
| 504 |
|
|
|a Περιλαμβάνει βιβλιογραφία.
|
| 650 |
|
4 |
|a Αυτογνωσία
|9 32752
|
| 650 |
|
4 |
|a Αυτοέλεγχος
|9 820
|
| 650 |
|
4 |
|a Προσωπικότητα
|x Ψυχολογία
|9 37655
|
| 700 |
1 |
|
|9 181569
|a Αγγελή, Κατερίνα
|e συνεργάτιδα.
|
| 700 |
1 |
|
|a Ευσταθίου, Γιώργος
|e συνεργάτης.
|9 181570
|
| 830 |
|
0 |
|a Κλινική ψυχολογία - ψυχοθεραπεία (Πεδίο)
|9 181571
|
| 942 |
|
|
|2 ddc
|c BK15
|
| 998 |
|
|
|c ΛΟΤΣΑΡΗ
|d 2020-07
|